Batman Arkham Game Villains - Statistics

General Stats
  • This quiz has been taken 199 times
  • The average score is 20 of 31
Answer Stats
Game(s) Villain % Correct
Origins | Asylum | City Joker
98%
Origins | Asylum | City Bane
89%
Asylum | City | Knight Harley Quinn
88%
Asylum | Knight Scarecrow
88%
Origins | Asylum | City | Knight Riddler
87%
Origins | Asylum | Knight Killer Croc
86%
Origins | City | Knight Mr. Freeze
86%
Origins | City | Knight Penguin
86%
Asylum Poison Ivy
85%
Origins | Knight Deathstroke
84%
City | Knight Two-Face
81%
City | Knight Ra's al Ghul
79%
Origins | City Deadshot
77%
Knight Arkham Knight
75%
Origins | Knight Firefly
75%
City Clayface
71%
Origins | City | Knight Mad Hatter
70%
City Hugo Strange
67%
Origins | Knight Black Mask
66%
Knight Man-Bat
63%
City | Knight Hush
62%
Knight Professor Pyg
57%
Origins Copperhead
49%
Asylum | City Victor Zsasz
49%
City Solomon Grundy
47%
Origins Electrocutioner
44%
Origins Lady Shiva
36%
Origins Anarky
35%
Knight Deacon Blackfire
30%
City Sickle
9%
City Hammer
8%
No matching quizzes found
Score Distribution
Percent of People with Each Score
Percentile by Number Answered
Your Score History
You have not taken this quiz